000 00846nam a22001937a 4500
008 140409b xxu||||| |||| 00| 0 eng d
020 _a9780273712312
050 _aHF5636
_b.E47
100 _aElliott,Barry and Elliott Jamie.
245 _aFinancial Accounting and Reporting. /
_cBarry Elliott and Jamie Elliott.
260 _aHarlow:
_bPrentice Hall,
_c2008.
300 _aXxiv,889p.
_c24cm
500 _aIncludes Index
505 _aContents: Income and Asset Value Measurement System-- Regulatory Framework-An Attempt to Achieve Uniformity--Balance Sheet-Equity,Liabity and Asset Measurement and Disclosure--Consolidated Accounts-- Intepretation--Accountability--Appendix:Outline solutions to selected exercises.
650 _2Financial Accounting and Reporting
700 _aElliott,Barry
700 _aElliott,Jamie
942 _2lcc
_cBK
999 _c2814
_d10314